S logom alebo bez loga ?

Vybudovať dobrú značku môže trvať aj sto rokov, na jej zničenie postačí tridsať dní. O predávaní značky. Značkový banditizmus. Odpor k značkám. Miesto pre coolhunterov.

Guardado en:
Detalles Bibliográficos
Autor principal: Hvorecký, Michal
Formato: Capítulo de libro
Lenguaje:eslovaco
Materias:
Etiquetas: Agregar Etiqueta
Sin Etiquetas, Sea el primero en etiquetar este registro!

MARC

LEADER 00000naa$a2200000$$$4500
001 0003367
005 20231003080258.2
041 0 |a slo 
044 |a SK 
245 1 0 |a S logom alebo bez loga ?  |c aut. Michal Hvorecký 
520 |a Vybudovať dobrú značku môže trvať aj sto rokov, na jej zničenie postačí tridsať dní. O predávaní značky. Značkový banditizmus. Odpor k značkám. Miesto pre coolhunterov. 
610 2 0 |a reklama 
610 2 0 |a značky výrobkov 
610 2 0 |a značky výrobné 
610 2 0 |a značky kvality 
100 1 |a Hvorecký, Michal